00478nam a2200181 a 4500001001300000003000900013005001700022008004100039020000900080082001300089100002000102245003200122260003600154300000800190500003500198505004200233650002100275nice12345678IN_TiNIC20260116013542.0050524s1967 hyda grp 000 0 eng  ac5000a025bVEN aHarinarayana, N aScience of Archives-Keeping aHyderabadbState Archivesc1967 a84p aincludes index and biblioraphy2 aAppendex, Bibliography and References aArchives-Keeping